| 000 | 00343nam a22001457a 4500 | ||
|---|---|---|---|
| 008 | 230427b ||||| |||| 00| 0 eng d | ||
| 020 | _a9780130457455 | ||
| 041 | _aeng | ||
| 080 |
_2SIXTH EDITION _a61 |
||
| 082 | _a61BAD | ||
| 100 | _a4 | ||
| 101 | _aMJEKSI | ||
| 245 |
_aINTRODUCTION TO HEALTH OCCUPATIONS _cBADASCH.A.S |
||
| 942 |
_2udc _cBK |
||
| 999 |
_c59626 _d59626 |
||